Loading...
Beliefs | 2 | 3 | 1 | 0 | 55 | 41 | 71.20 | 2 | 4 |
History - World History | 0 | 2 | 1 | 0 | 15 | 76 | 82.50 | 2 | 2 |
World and Other Literature | 0 | 1 | 0 | 0 | 10 | 146 | 146.00 | 0 | 1 |
Fine Arts - Visual Fine Arts | 0 | 1 | 0 | 1 | 10 | 139 | 139.00 | 0 | 1 |
Philosophy | 0 | 1 | 0 | 0 | 10 | 98 | 98.00 | 0 | 1 |
Science - Biology | 0 | 1 | 0 | 0 | 10 | 134 | 134.00 | 0 | 1 |
Social Science | 0 | 1 | 0 | 0 | 10 | 139 | 139.00 | 1 | 1 |
Other Academic | 0 | 1 | 0 | 0 | 10 | 101 | 101.00 | 0 | 1 |
Other Arts: Visual | 0 | 0 | 0 | 0 | 0 | 0.00 | 0 | 0 | |
History - European History | 0 | 0 | 1 | 0 | -5 | 0.00 | 0 | 0 | |
History - American History | 0 | 0 | 1 | 0 | -5 | 0.00 | 0 | 0 |